| 000 -LEADER |
| fixed length control field |
01091nam a2200217Ia 4500 |
| 001 - CONTROL NUMBER |
| control field |
8482 |
| 003 - CONTROL NUMBER IDENTIFIER |
| control field |
GE_BSU |
| 008 - FIXED-LENGTH DATA ELEMENTS--GENERAL INFORMATION |
| fixed length control field |
181216s||||||||xx |||||||||||||| ||und|| |
| 040 ## - CATALOGING SOURCE |
| Transcribing agency |
GE_BSU |
| 080 ## - UNIVERSAL DECIMAL CLASSIFICATION NUMBER |
| Universal Decimal Classification number |
821.353.1+82-93 |
| 100 ## - MAIN ENTRY--PERSONAL NAME |
| Personal name |
გრიშაშვილი,იოსებ. |
| 245 ## - TITLE STATEMENT |
| Title |
თხზულებანი: 5 ტომად. ტ.2 |
| 245 ## - TITLE STATEMENT |
| Remainder of title |
ტ.2:ლექსები. |
| 245 ## - TITLE STATEMENT |
| Statement of responsibility, etc. |
სარედ:კოლ:ალექსანდრე ბარამიძე;სოლომონ ყუბანეიშვილი;და სხვ.ტომი გამოსაცემად მოამზადეს და შენიშვნები დაურთეს ლამარა მეგრელიშვილმა,ლეილა სანაძემ;ეთერ შარაშენიძემ;რედ:ა.ხინთიბიძე. |
| 260 ## - PUBLICATION, DISTRIBUTION, ETC. |
| Place of publication, distribution, etc. |
თბილისი. |
| 260 ## - PUBLICATION, DISTRIBUTION, ETC. |
| Name of publisher, distributor, etc. |
საბჭ.საქართველო |
| 260 ## - PUBLICATION, DISTRIBUTION, ETC. |
| Date of publication, distribution, etc. |
1982. |
| 300 ## - PHYSICAL DESCRIPTION |
| Extent |
346გვ;20სმ. |
| 653 ## - INDEX TERM--UNCONTROLLED |
| Uncontrolled term |
ლექსები |
| 942 ## - ADDED ENTRY ELEMENTS (KOHA) |
| Koha item type |
წიგნი |